01036nam a2200229 a 450000100100000000500170001000800410002704000250006808200160009310000270010924000310013624500960016726001090026330000210037250000730039350400500046670000300051604900090054695201140055595201200066999900170078900002131720200930011307.0100906s1982 xxu 001 0 spa d aDO-SdBNPbspacBNPHU axxxxbP341l1 aPaxman, John M.94454613aLaw and planned Parenthood10aLeyes, políticas y planificación familiar /cJohn M. Paxman ;traducción René Jaime. aNew York, :bFederación Internacional de Planificación de la Familia, Región del Hemiferio,c1982. a232 p. ;c23 cm. aIncluye referencias bibliográficas y notas al pie de las páginas aIncluye bibliografía (p. 151- 152, 213-232)1 aJaime, Renéetr.944547 aBNPD 001050718MOaGRbGRcHDd2010-09-06iLF1l0oxxxx P341lp21317-10r2020-06-25w2020-06-25y1ZNo se presta 001050718MOaGRbGRcHDd2013-05-01iLF1l0oxxxx P341lp21317-20r2020-06-25te. 2w2020-06-25y1ZNo se presta c20817d20817